Подробности
| 000 -МАРКЕР |
| контрольное поле |
02473nam2a22003611 4500 |
| 001 - ИДЕНТИФИКАТОР ЗАПИСИ |
| контрольное поле |
rc\4022383 |
| 005 - ИДЕНТИФИКАТОР ВЕРСИИ |
| контрольное поле |
20250611061252.0 |
| 021 ## - НОМЕР ГОСУДАРСТВЕННОЙ РЕГИСТРАЦИИ |
| Код страны |
Российская Федерация |
| Номер |
[50-29942] |
| 035 ## - ДРУГИЕ СИСТЕМНЫЕ НОМЕРА |
| Идентификатор записи |
(NLR Aleph) 008087281 |
| 100 ## - ДАННЫЕ ОБЩЕЙ ОБРАБОТКИ |
| Данные общей обработки |
20130415d1950 |||y0rusy50 ca |
| 101 0# - ЯЗЫК РЕСУРСА |
| Язык текста, звукозаписи и т.д. |
русский |
| 102 ## - СТРАНА ПУБЛИКАЦИИ ИЛИ ПРОИЗВОДСТВА |
| Страна публикации |
Российская Федерация |
| 105 ## - ПОЛЕ КОДИРОВАННЫХ ДАННЫХ: ТЕКСТОВЫЕ МАТЕРИАЛЫ, МОНОГРАФИЧЕСКИЕ |
| Кодированные данные о монографическом текстовом документе |
a z ||||| |
| 200 1# - ЗАГЛАВИЕ И СВЕДЕНИЯ ОБ ОТВЕТСТВЕННОСТИ |
| Основное заглавие |
Нижегородские работы. 1882-1887 |
| Сведения, относящиеся к заглавию |
Ч. 1 |
| -- |
[Материалы к оценке земель Нижегородской губернии; О нормальной оценке почв Европейской России; Петров Б.Ф. Нижегородские работы В.В. Докучаева |
| Первые сведения об ответственности |
Подгот. Б.Ф. Петровым и В.Н. Заварицким |
| Последующие сведения об ответственности |
Отв. ред. акад. Л.И. Прасолов, д-р с.-х. наук Б.Ф. Петров] |
| 210 ## - ПУБЛИКАЦИЯ, РАСПРОСТРАНЕНИЕ И ДР. |
| Дата издания, распространения и т.д. |
1950 |
| Место издания, распространения и т.д. |
Б. м. |
| 215 ## - ФИЗИЧЕСКАЯ ХАРАКТЕРИСТИКА |
| Специфическое обозначение материала и объем |
413 с. |
| Другие сведения о физической характеристике |
ил. |
| Размеры |
27 |
| 320 ## - ПРИМЕЧАНИЯ О НАЛИЧИИ В ДОКУМЕНТЕ БИБЛИОГРАФИИ / УКАЗАТЕЛЯ |
| Текст примечания |
Литература, цитир. В.В. Докучаевым в 4-м т. Сочинений: с. 383-385 |
| 461 #0 - УРОВЕНЬ НАБОРА |
| Встроенное поле |
001rc\4022379 |
| -- |
2001#$aСочинения$e[Т.] 1-$fАкад. наук СССР$v[Т.] 4 |
| -- |
700#1$aДокучаев$bВ.В.$f1846-1903$gВасилий Васильевич |
| Системный номер (АБИС) связанной записи |
9161055 |
| Автор |
Докучаев, В.В. (1846-1903) |
| Место публикации |
Москва |
| Дата публикации |
1949 |
| Первые сведения об ответственности |
Акад. наук СССР |
| Имя издателя, распространителя и т.д. |
Изд-во и 2-я тип. Изд-ва Акад. наук СССР в М. |
| Сведения, относящиеся к заглавию |
[Т.] 1- |
| Заглавие |
Сочинения |
| Номер тома |
[Т.] 4 |
| 464 #0 - АНАЛИТИЧЕСКИЙ УРОВЕНЬ |
| Встроенное поле |
2001#$aО нормальной оценке почв Европейской России |
| Заглавие |
О нормальной оценке почв Европейской России |
| 464 #0 - АНАЛИТИЧЕСКИЙ УРОВЕНЬ |
| Встроенное поле |
2001#$aНижегородские работы В.В. Докучаева |
| -- |
700#1$aПетров$bБ.Ф. |
| Заглавие |
Нижегородские работы В.В. Докучаева |
| Автор |
Петров, Б.Ф. |
| 464 #0 - АНАЛИТИЧЕСКИЙ УРОВЕНЬ |
| Встроенное поле |
2001#$aМатериалы к оценке земель Нижегородской губернии |
| Заглавие |
Материалы к оценке земель Нижегородской губернии |
| 606 ## - НАИМЕНОВАНИЕ ТЕМЫ КАК ПРЕДМЕТ |
| Наименование темы |
Земли |
| Тематический подзаголовок |
Оценка (т. 4) |
| Код системы |
psbo |
| 606 ## - НАИМЕНОВАНИЕ ТЕМЫ КАК ПРЕДМЕТ |
| Наименование темы |
Почва (т. 4) |
| Код системы |
psbo |
| 606 ## - НАИМЕНОВАНИЕ ТЕМЫ КАК ПРЕДМЕТ |
| Наименование темы |
Почвы |
| Тематический подзаголовок |
Классификация (т. 4) |
| Код системы |
psbo |
| 702 #1 - ИМЯ ЛИЦА - ВТОРИЧНАЯ ОТВЕТСТВЕННОСТЬ |
| Начальный элемент ввода |
Заварицкий |
| Часть имени, кроме начального элемента ввода |
В.Н. |
| Код отношения |
Прочие |
| 702 #1 - ИМЯ ЛИЦА - ВТОРИЧНАЯ ОТВЕТСТВЕННОСТЬ |
| Начальный элемент ввода |
Прасолов |
| Часть имени, кроме начального элемента ввода |
Л.И. |
| Расширение инициалов личного имени |
Леонид Иванович |
| Код отношения |
Редактор |
| 702 #1 - ИМЯ ЛИЦА - ВТОРИЧНАЯ ОТВЕТСТВЕННОСТЬ |
| Начальный элемент ввода |
Петров |
| Часть имени, кроме начального элемента ввода |
Б.Ф. |
| Код отношения |
Прочие |
| -- |
Редактор |
| 801 #0 - ИСТОЧНИК ЗАПИСИ |
| Страна |
Российская Федерация |
| Организация |
NLR |
| Правила каталогизации |
psbo |
| 801 #1 - ИСТОЧНИК ЗАПИСИ |
| Страна |
Российская Федерация |
| Организация |
ELAR |
| Источник данных |
rusmarc |
| 852 ## - МЕСТОНАХОЖДЕНИЕ И ШИФР ХРАНЕНИЯ |
| Идентификатор организации |
NLR |
| Шифр хранения (Call Number) |
С14 Г-7/25 |
| 942 ## - ДОПОЛНИТЕЛЬНЫЕ ЭЛЕМЕНТЫ ЗАПИСИ (АБИС) |
| Тип экземпляра АБИС |
Книга |
| 980 ## - КОЛЛЕКЦИЯ |
| Название коллекции |
Национальная библиография |